| 000 | 00568nam a2200217Ia 4500 | ||
|---|---|---|---|
| 003 | OSt | ||
| 005 | 20241010054007.0 | ||
| 008 | 240925s9999 xx 000 0 und d | ||
| 020 | _a9789692181662 | ||
| 040 | _csd | ||
| 082 | _a297.1225 MOU | ||
| 100 | _aMoudode Syed Abulalla | ||
| 245 | 0 | _aALQuran-ul-Kareem (القران الکریم) | |
| 250 | _aNA | ||
| 260 |
_aKarachi: _bIdara Tarjuman-ul-Quran (Pvt) _c2022 |
||
| 300 |
_a1280p. _bNA _fNA |
||
| 500 | _aIncludes Index | ||
| 600 | _aHumanities & Natural Science | ||
| 650 | _aReligion | ||
| 942 |
_cBK _2ddc |
||
| 999 |
_c18237 _d18237 |
||